Washington Football: Top 10 All-Time Leaders - Statistics

General Stats
  • This quiz has been taken 4 times
  • The average score is 20 of 61
Answer Stats
Category # Player Amount % Correct
Passing Yards 1 Jake Browning 12,296
100%
Passing Yards 5 Jake Locker 7,639
100%
Passing Yards 3 Michael Penix Jr. 9,544
100%
Receiving Yards 2 Rome Odunze 3,272
75%
Passing Yards 6 Brock Huard 6,391
50%
Passing Yards 7 Damon Huard 5,886
50%
Interceptions T7 Derrick Johnson 11
50%
Tackles 1 Michael Jackson 578
50%
Rushing Yards 2 Napoleon Kaufman 4,106
50%
Passing Yards 9 Sonny Sixkiller 5,496
50%
Interceptions T3 Vestee Jackson 13
50%
Receiving Yards 9 Aaron Fuller 2,051
25%
Tackles 6 Al Burleson 389
25%
Interceptions 1 Al Worley 18
25%
Sacks 7 Andrew Hudson 22.5
25%
Sacks 6 Andy Mason 24.0
25%
Interceptions T3 Bill Albrecht 13
25%
Rushing Yards 4 Bishop Sankey 3,496
25%
Sacks 10 Bralen Trice 19.0
25%
Tackles 10 Bruce Harrell 375
25%
Interceptions T7 Calvin Jones 11
25%
Passing Yards 10 Cary Conklin 5,082
25%
Rushing Yards 3 Chris Polk 4,049
25%
Passing Yards 2 Cody Pickett 10,220
25%
Sacks 2 Daniel Te'o-Nesheim 30.0
25%
Tackles 3 Dan Lloyd 502
25%
Receiving Yards 6 Dante Pettis 2,256
25%
Tackles 2 David Rill 575
25%
Sacks 4 Donald Jones 26.0
25%
Rushing Yards 6 Greg Lewis 2,903
25%
Sacks 1 Hau'oli Kikaha 36.0
25%
Rushing Yards 9 Hugh McElhenny 2,499
25%
Rushing Yards 8 Jacque Robinson 2,636
25%
Receiving Yards 8 Jalen McMillan 2,143
25%
Sacks 5 Jason Chorak 25.5
25%
Receiving Yards 7 Jaydon Mickens 2,187
25%
Receiving Yards 3 Jermaine Kearse 2,871
25%
Receiving Yards 5 Jerome Pathon 2,275
25%
Tackles 5 Joe Kelly 401
25%
Rushing Yards 5 Joe Steele 3,168
25%
Passing Yards 4 Keith Price 8,919
25%
Tackles 4 Ken Driscoll 486
25%
Interceptions 2 Larry Hatch 16
25%
Rushing Yards 10 Louis Rankin 2,480
25%
Sacks T8 Manase Hopoi 20.0
25%
Interceptions T7 Marcus Peters 11
25%
Receiving Yards 4 Mario Bailey 2,306
25%
Passing Yards 8 Marques Tuiasosopo 5,879
25%
Tackles 8 Mason Foster 378
25%
Tackles 7 Mike Baldassin 386
25%
Rushing Yards 1 Myles Gaskin 5,323
25%
Receiving Yards 10 Paul Skansi 1,992
25%
Interceptions T7 Reggie Reser 11
25%
Sacks T8 Reggie Rogers 20.0
25%
Receiving Yards 1 Reggie Williams 3,598
25%
Interceptions T3 Roberto Jourdan 13
25%
Sacks 3 Ron Holmes 28.0
25%
Interceptions T7 Sean Parker 11
25%
Tackles 9 Tim Meamber 376
25%
Rushing Yards 7 Vince Weathersby 2,811
25%
Interceptions 6 Walter Bailey 12
25%
No matching quizzes found
Score Distribution
Percent of People with Each Score
Percentile by Number Answered
Your Score History
You have not taken this quiz